01643cas a2200349 450000100090000000300060000900500170001500700030003200800410003501000310007602200170010703500240012403700100014804000830015804200140024105000150025511000690027021000310033922200400037024500410041026000680045130000220051931000380054132100290057936200160060844000550062450000650067950004380074465000270118265000410120970000430125010545037AUA.120130528123852.0t|850720c19639999miufr p 0 a0eng c a 74645601 zsc 76000812  a0003-298021 a(OCoLC)ocm01780045  b49104 aMnMULScMnMULSdMBTIdNSDPdDLCdOCoLCdAIPdNSDPdAIPdOCoLCdDLCdTNJdOCoLC ansdpapcc00aBR1b.A53a2 aAndrews University.bSeventh-Day Adventist Theological Seminary.0 aAndrews Univ. Semin. stud. 0aAndrews University Seminary studies10aAndrews University Seminary studies. aBerrien Springs, Mich.,bAndrews University Press.cSpring 2009 bill.c23 cm.av.: a2 issues yearly,b aFrequency varies,b1963-0 aSpring 2009 aAndrews University Seminary studies.vVol.47, No.1 a"Journal of the Seventh-Day Adventist Theological Seminary." aContents: Three upgrades; Investigating the presuppositional realm of biblical-theological methodology, Part I:Dooyeweerd on reason; The eye of charity; Response to review articles of Flame of Yahweh; Methodism and the origins of biblical archeology: the William Foxwell Albright story; Acts 19:1-7 reconsidered in light of Paul's theology of baptism; Creeds and statements of belief in early adventist thought; the reigh of terror;  0aTheologyvPeriodicals. 0aTheological seminariesxPeriodicals. aJerry Moon and John W. ReeveeEdirtors